| 000 | 00352nam a22001457a 4500 | ||
|---|---|---|---|
| 003 | OSt | ||
| 008 | 231114b |||||||| |||| 00| 0 eng d | ||
| 041 | _aeng | ||
| 082 |
_a828.09 _bCRA / S |
||
| 100 |
_aCrane, Milton _95594 |
||
| 245 | _aShakespeare's Prose | ||
| 260 |
_aChicago: _bUniversity of Chicago Press, _c1951. |
||
| 300 | _a220p. | ||
| 942 | _cBK | ||
| 999 |
_c17801 _d17801 |
||